Luvun 12 monikertoja - Statistics

Yleistilastot
  • Tätä visaa on pelattu 494 kertaa
  • Keskiarvotulos 11 / 12
Vastaustilastot
Lasku Vastaus % Oikein
12 x 1 12
99%
12 x 10 120
97%
12 x 2 24
97%
12 x 3 36
97%
12 x 4 48
97%
12 x 5 60
96%
12 x 6 72
93%
12 x 8 96
93%
12 x 7 84
92%
12 x 9 108
91%
12 x 12 144
91%
12 x 11 132
90%
Ehtoja vastaavia visoja ei löytynyt
Tulosjakauma
Jokaisen tuloksen saaneiden osuus
Persentiili vastausten määrän mukaan
Tuloshistoriasi
Et ole pelannut tätä visaa